| 000 | 00568nam a2200181Ia 4500 | ||
|---|---|---|---|
| 008 | 090123s9999 xx 000 0 und d | ||
| 082 | _b41579 | ||
| 100 | _aगोविलकर सुमती | ||
| 245 | _aस्वर सुधा | ||
| 250 | _a1 | ||
| 260 |
_bपारस पब्लिकेशन कोल्हापुर _c2007 |
||
| 300 | _a200 | ||
| 600 | _aगोविलकर सुमती | ||
| 630 | _aस्वर सुधा | ||
| 700 | _aगोविलकर सुमती | ||
| 730 | _aस्वर सुधा | ||
| 942 | _cBOOK | ||
| 999 |
_c79655 _d79655 |
||